| 000 | 00352nam a22001217a 4500 | ||
|---|---|---|---|
| 082 |
_a621.4022 _bCEN |
||
| 100 | _4Cengel, Yunus A. | ||
| 245 |
_aHeat and Mass Transfer : _bFundamentals & Applications / _cYunus A. Cengel, Afshin J. Ghajar, |
||
| 250 | _a6e | ||
| 260 |
_aUnited States: _bMc Graw Hill; _c2020. |
||
| 300 | _axxiv:996p. | ||
| 942 |
_2ddc _cBK |
||
| 999 |
_c593440 _d593440 |
||